000 00561nam a2200181Ia 4500
003 GCL
008 140319s9999 xx 000 0 eng d
040 _aGCL /
_cGCL
082 0 4 _a338.7
_bC D
245 1 0 _aHIGH - TECH COMPANIES IN EGYPT 1999
260 _aالقاهرة :
_bTHE CABINET INFORMATION & DECISION SUPPORT CENTER ،
_c1999
300 _a32 CM ؛
_c39P
650 0 4 _aORGANIZATIONS
650 0 4 _aBUSINESS - ENTERPRISES - EGYPT
650 0 4 _aEDUCATION - ORGANIZATION - EGYPT
650 0 4 _aASSOCIATIONS, INSTITUTIONS, ETC - EGYPT
942 _2ddc
_cBK
999 _c5894
_d5894